000 01814cam a22004814i 4500
003 PE-LiUPU
005 20250731173503.0
008 150616s1994 miu r 000 0 eng d
020 _a0801097339
035 _a(Sirsi) i9780801097331
040 _aPE-LiUPU
_bspa
_cPE-LiUPU
_erda
049 _aPRUA
082 0 4 _a232.901
_bW46
_221
100 1 _aWenham, John,
_eautor.
245 1 0 _aChrist and the Bible /
_cJohn Wenham.
264 1 _aGrand Rapids, Michigan :
_bBaker Books,
_c1994.
300 _a222 páginas ;
_c21 centímetros
336 _atext
_2rdacontent
337 _aunmediated
_2rdamedia
338 _avolume
_2rdacarrier
505 0 _aJesus' view of the Old Testament -- The Authority of Jesus as a Teacher -- Objections to the Claims of Jesus -- The New Testament Writers and the Old Testament -- Jesus and the New Testament -- The Extent of the Canon -- The Reliability of the Bible Text -- Jesus.
526 _aSEG42
526 _aSEG41
526 _aSEG40
526 _aSEG39
526 _aP94
526 _aP87
526 _aP86
526 _aP85
526 _aP77
526 _aP76
526 _aP35
600 1 _aJesucristo
_xOpiniones sobre el Antiguo Testamento
600 1 _aJesucristo
_xPersona y oficio
630 _aBiblia
_xCrítica, interpretación, etc.
910 _ajck
_bjvq
_cjck
942 _2ddc
_cBOOK
949 _a232.901 W46
_wDEWEY
_c1
_i40365
_lCCODEBUL1
_mBUL
_r0
_sY
_tBOOK
_u2015-6-16
_xTEOLOGIA
_zUNKNOWN
_0COMPRA
_o.STAFF. Colección General
994 _aC0
_bPEPRU
596 _a1
999 _a232.901 W46
_wDEWEY
_c58172
_i40365
_d58172
_e2019-3-25
_f2021-11-10
_g5
_lCCODEBUL1
_mBUL
_n1
_p26.00
_r0
_sY
_tBOOK
_u2015-6-16
_xTEOLOGIA
_PP35
_0COMPRA
_o.STAFF. Colección Teología
980 _81
_gALBERTO SANCHEZ Responsable de Automatización